00835nam a22002297a 450000500170000001000150001702000270003203500130005903700130007208200150008510000200010024500840012025000110020426000480021527000600026330000250032350000510034865000300039994200290042999900170045895201300047520130823114002.0 aENG-107898 c3359.00a9788176710893 aEN-91431 bDBAD/PUB a636.089696 aSoulsby, E.J.L.00aHelminths, arthropods and protozoa of domesticated animals /cby E.J.L. Soulsby a7th ed aNew DelhibAffiliated East-West Pressc2012 a105 Nirmal Tower, 26 Barakhamba RoadbNew Delhie110001 axiv,809p.c26cm(pbk) aIncludes bibliographical references and index. a Veterinary parasitology. 2ddccENmSOUh636.089696 c77455d77455 001040718NFICaDBADbDBADd2013-07-15eDBAD/PUBg3359.00l0o636.089696 SOUpEN-91431r2013-07-15 00:00:00t1v3359.00yEN